LEADER 01029nam a2200241 i 4500 001 000000034405 003 CaOOAMICUS 005 20070502000000.0 008 070502s1927 it u000 u fre u 013 $a803 040 $aSeMil$bita 100 1 $aLamartine, Alphonse : de,$d<1790-1869>.$0(OLS)http://semarc/name/4379 245 10$aHarmonies poétiques et religieuses /$cAlphonse de Lamartine ; avec introduction et notes par Stéphanie Caricati. 260 $aMilan :$bCharles Signorelli,$c1927. 300 $a116 p. ;$c20 cm. 490 0 $aScrittori francesi ;$v45 700 1 $aCaricati, Stéphanie.$0(OLS)http://semarc/name/15779 830 0$aScrittori francesi ;$v45.$0(OLS)http://semarc/title/23450 850 $aSeMil 852 $aSeMil$W1$xVenegono$y1$m1U II 86$j560$B560$CSeMilBibl$Z2$F560 $81 961 $aLascito: Chierichetti mons. Giovanni 996 $6245$aHarmonies poétiques et religieuses$9(OLS)http://semarc/title/14587 996 $6260$aMilan :$bCharles Signorelli$9(OLS)http://semarc/publisher/34707 LEADER 01177nam a2200253 i 4500 001 000000202445 003 CaOOAMICUS 005 20110524000000.0 008 110524s1991 it u000 u ita u 013 $a181154 040 $aSeMil$bita 100 1 $aMedi, Enrico,$d<1911-1974>.$0(OLS)http://semarc/name/24813 245 10$aCosì è :$bstoria ed elevazioni spirituali sul "miracolo eucaristico di Siena" /$cEnrico Medi ; a cura dei Frati Minori Conventuali custodi del Santuario delle Sacre Particole di Siena. 260 $aSiena :$bIl Tesoro Eucaristico,$c1991. 300 $a47 p. ;$c19 cm. 650 4$aMiracolo Eucaristico di Siena - Storia.$0(OLS)http://semarc/subject/38071 710 2 $aMinori Conventuali.$0(OLS)http://semarc/name/2465 850 $aSeMil 852 $aSeMil$W1$xVenegono$y1$m5D VIII 22/34$j152968$B152968$CSeMilBibl$Z2$F163986 $81 910 0 $aFrati minori conventuali. 961 $aOmaggio: Altro 996 $6245$aCosì è :$bstoria ed elevazioni spirituali sul "miracolo eucaristico di Siena"$9(OLS)http://semarc/title/293072 996 $6260$aSiena :$bIl Tesoro Eucaristico$9(OLS)http://semarc/publisher/57430